Score 0/25 Timer 20:00
29 Plays Today
% Correct




US States

 
???
100%


Geography Bunker (Minefield)

 
???
75.1%


Digits of
Pi (Minefield)

 
???
67.5%


Simple Math Minefield

 
???
58.7%


Original 13 Colonies

 
???
47.7%



US Presidents

 
???
43.8%

Countries of the World (Image Quiz)
 
???
40.5%



Greek Alphabet

 
???
36.2%



The Beatles in Latin

 
???
35.4%


20th Century by Image

 
???
30.8%



Famous Wars

 
???
27.1%


Monarchs of England

 
???
27%



Harry Potter Top 200

 
???
25.4%
% Correct

Books by Their Covers (Image Quiz)

 
???
22.4%

Flags of the World (Image Quiz)

 
???
20.2%

Animals by Skeleton (Image Quiz)
 
???
19.6%



Shakespeare Plays

 
???
17.4%



Periodic Table

 
???
16.2%

Capitals of Europe (Image Quiz)

 
???
16.1%

Fairy Tales by Illustration (Image Quiz)
 
???
15.6%


Commonest English Words

 
???
14.6%


Human Body Systems

 
???
14.2%


Most Spoken Languages

 
???
14%



Rhymes with Cat

 
???
13.4%


Novel by Opening Lines

 
???
10.9%
Remove Ads.
Support Sporcle.
Get the best of Sporcle when you Go Orange. This ad-free experience offers more features, more stats, and more fun while also helping to support Sporcle. Thank you for becoming a member.

You're not logged in!

Compare scores with friends on all Sporcle quizzes.
OR
Log In

Show Comments

Extras

Top Quizzes Today


Score Distribution

Your Account Isn't Verified!

In order to create a playlist on Sporcle, you need to verify the email address you used during registration. Go to your Sporcle Settings to finish the process.

Report this User

Report this user for behavior that violates our Community Guidelines.

Details: